00646cam a22002417a 4500003000500000005001700005008004100022010001000063011001000073020001500083035001000098040000900108082001700117100002600134245004400160250001000204260003800214300003200252490003200284650002700316650002900343830003200372CHAP20220329142232.0000315d1996 us a r 00010 eng d a80331 a81303 a0824793463 a91771 cCHAP04a664bF4 199600aFennema, Owen R.eed.10aFood chemistryc/ed. by Owen R. Fennema a3 ed. aNew York :bMarcel Dukker,c1996. a1069 p. :bilus. ; gráfs. 0aFood science and technology14aAlimentosxAnálisis.14aAlimentosxQuímica de.0 aFood science and technology